Statistics for JR東海 行先クイズ

Click here to take the quiz!

General Stats

  • This quiz has been taken 1,550 times
    (1,549 since last reset)
  • The average score is 87 of 119

Answer Stats

HintAnswer% Correct
名古屋
98%
東海道線熱海
97%
三島
97%
静岡
97%
浜松
97%
豊橋
97%
米原
95%
岐阜
95%
沼津
94%
東海道新幹線 | 東海道線(東)東京
93%
富士
93%
大垣
92%
新大阪
91%
掛川
90%
高山
89%
飯田
89%
御殿場
89%
身延線甲府
88%
岡崎
88%
博多
88%
中津川
88%
岡山
87%
武豊
87%
広島
87%
多治見
87%
宇都宮線宇都宮
86%
御殿場線国府津
86%
高山本線(西)富山
86%
美濃太田
86%
篠ノ井線松本
85%
中央西線塩尻
85%
予讃線高松
85%
信越本線長野
85%
北陸本線金沢
84%
大府
84%
四日市
84%
山陰本線出雲市
84%
亀山
83%
京都線大阪
82%
新宮
82%
山陽新幹線姫路
82%
高蔵寺
80%
豊川
80%
島田
80%
松阪
79%
身延
79%
興津
79%
78%
鳥羽
77%
伊勢市
77%
下呂
76%
伊豆箱根鉄道駿豆線修善寺
76%
小田原
76%
飯田線辰野
75%
上諏訪
74%
岡谷
73%
桑名
73%
猪谷
73%
木曽福島
72%
刈谷
71%
関ケ原
70%
小金井
69%
天竜峡
69%
美濃赤坂
67%
伊勢奥津
67%
きのくに線紀伊勝浦
66%
飛騨古川
66%
西富士宮
66%
瑞浪
65%
菊川
64%
中部天竜
63%
神領
62%
南木曽
62%
上野
61%
中央東線茅野
61%
多気
60%
山北
60%
新城
60%
熊野市
56%
笠寺
56%
土岐市
55%
鰍沢口
53%
家城
51%
本長篠
49%
上松
47%
愛知環状鉄道線瀬戸口
44%
紀伊長島
44%
水窪
43%
白川口
42%
駒ケ根
41%
坂下
40%
飛騨金山
38%
平岡
37%
伊那松島
35%
三瀬谷
33%
下麻生
32%
芝川
29%
伊那大島
28%
伊那福岡
27%
長山
25%
坂上
24%
伊勢鉄道玉垣
20%

Score Distribution

Percentile by Number Answered

Percent of People with Each Score

Your Score History

You have not taken this quiz since the last reset